00310nam a2200133Ia 4500008004100000020001500041041001200056082001600068100001800084245002700102260002700129300000800156650001200164221030s9999 xx 000 0 und d a8172246706 aEnglish a105.23bPhi aI. Phillipson 0aHow to Market Yourself bJaico PubaDelhic1998 a140 aGeneral